[Event "Omsk CC-ch sf"]
[Site "Omsk"]
[Date "2011.07.01"]
[Round "9"]
[White "Tolkachiov, Vladimir"]
[Black "Adamson, Konstantin"]
[Result "0-1"]
[WhiteElo "1981"]
[BlackElo "2183"]
[PlyCount "40"]
[EventDate "2011.06.20"]
[EventType "swiss"]
[EventRounds "11"]
[EventCountry "RUS"]
[SourceTitle "EXT 2023"]
[Source "ChessBase"]
[SourceDate "2022.10.05"]
[SourceVersion "1"]
[SourceVersionDate "2022.10.05"]
[SourceQuality "1"]

1. c4 e5 2. Nc3 Nf6 3. g3 c6 4. Nf3 e4 5. Nd4 d5 6. cxd5 cxd5 7. Bg2 Nc6 8. Nxc6 bxc6 9. d3 exd3 10. Qxd3 Be7 11. 0-0 0-0 12. Bf4 Qa5 13. a3 Qa6 14. Qc2 Bg4 15. Rfe1 Rac8 16. b4 d4 17. Qa4 Qc4 18. Qxa7 Bxb4 19. axb4 Qxc3 20. Qa3 Nd5 0-1

[Event "Omsk-ch"]
[Site "Omsk"]
[Date "2010.03.06"]
[Round "9"]
[White "Tolkachiov, Vladimir"]
[Black "Petrenko, Andrey"]
[Result "1/2-1/2"]
[WhiteElo "2015"]
[BlackElo "1825"]
[PlyCount "59"]
[EventDate "2010.02.20"]
[EventType "swiss"]
[EventRounds "11"]
[EventCountry "RUS"]
[SourceTitle "CBM 135 Extra"]
[Source "ChessBase"]
[SourceDate "2010.05.04"]
[SourceVersion "1"]
[SourceVersionDate "2010.05.04"]
[SourceQuality "1"]

1. Nf3 Nf6 2. c4 c5 3. d4 e6 4. d5 exd5 5. cxd5 d6 6. Nc3 g6 7. e4 Bg7 8. Be2 0-0 9. 0-0 Re8 10. Qc2 Na6 11. a3 Nc7 12. Bg5 h6 13. Bh4 g5 14. Bg3 Nh5 15. Rfe1 Nxg3 16. hxg3 a6 17. b4 Qf6 18. Na4 Qg6 19. Bd3 Bxa1 20. Rxa1 Qg7 21. Re1 g4 22. Nd2 Nxd5 23. Nc4 Qf8 24. e5 b5 25. Nxd6 Rxe5 26. Rxe5 Qxd6 27. Re8+ Kg7 28. Nxc5 Ne7 29. Qc3+ f6 30. Ne4 1/2-1/2

[Event "Omsk-ch"]
[Site "Omsk"]
[Date "2010.02.28"]
[Round "6"]
[White "Nevorotov, Boris"]
[Black "Tolkachiov, Vladimir"]
[Result "1-0"]
[WhiteElo "1993"]
[BlackElo "2015"]
[PlyCount "55"]
[EventDate "2010.02.20"]
[EventType "swiss"]
[EventRounds "11"]
[EventCountry "RUS"]
[SourceTitle "CBM 135 Extra"]
[Source "ChessBase"]
[SourceDate "2010.05.04"]
[SourceVersion "1"]
[SourceVersionDate "2010.05.04"]
[SourceQuality "1"]

1. Nf3 Nf6 2. d4 e6 3. c4 b6 4. Nc3 Bb7 5. e3 Be7 6. Bd3 0-0 7. 0-0 d6 8. e4 Nbd7 9. a3 a6 10. Bf4 Re8 11. Rb1 Rc8 12. Qe2 c5 13. d5 e5 14. Be3 Nf8 15. b4 cxb4 16. Na4 N6d7 17. Rxb4 b5 18. cxb5 Qa5 19. Rfb1 Nc5 20. Nxc5 dxc5 21. R4b2 Ra8 22. bxa6 Bxa6 23. Nxe5 Bf6 24. Nc6 Bxd3 25. Qxd3 Qa4 26. Rc2 Rxe4 27. Bxc5 Nd7 28. Bb4 1-0

[Event "Chigorin Memorial 17th"]
[Site "St Petersburg"]
[Date "2009.10.23"]
[Round "8"]
[White "Tolkachiov, Vladimir"]
[Black "Karalkin, Maksim"]
[Result "0-1"]
[WhiteElo "2013"]
[BlackElo "2222"]
[PlyCount "102"]
[EventDate "2009.10.16"]
[EventType "swiss"]
[EventRounds "9"]
[EventCountry "RUS"]
[SourceTitle "CBM 132 Extra"]
[Source "ChessBase"]
[SourceDate "2009.11.03"]
[SourceVersion "1"]
[SourceVersionDate "2009.11.03"]
[SourceQuality "1"]

1. e4 d6 2. d4 Nf6 3. Nc3 g6 4. g3 Bg7 5. Bg2 0-0 6. Nge2 e5 7. 0-0 c6 8. h3 Nbd7 9. Be3 Re8 10. Qd2 exd4 11. Bxd4 Ne5 12. Rad1 Be6 13. f4 Nc4 14. Qc1 Qa5 15. a4 Rad8 16. g4 Bc8 17. Qa1 c5 18. Bf2 Qb4 19. Qa2 Be6 20. f5 gxf5 21. exf5 Bc8 22. Be1 Ne3 23. Rf4 Nxd1 24. Rxb4 cxb4 25. Nxd1 Rxe2 26. Bxb4 Rde8 27. Qb1 Ne4 28. Bxe4 R8xe4 29. Kf1 Rh2 30. Bxd6 Rh1+ 31. Kg2 Ree1 32. Qa2 Rxd1 33. Qc4 Bd7 34. Qc7 Bc6+ 35. Kg3 Rhg1+ 36. Kh4 Bf6+ 37. Kh5 Rxd6 38. Qxd6 Kg7 39. Qf4 Kf8 40. Qb8+ Kg7 41. Qf4 Kf8 42. Qh6+ Bg7 43. Qd6+ Kg8 44. Qd8+ Bf8 45. Qg5+ Kh8 46. b4 h6 47. Qe3 Rh1 48. b5 Bg2 49. h4 Rh3 50. Qf2 Bf3 51. f6 Be4 0-1

[Event "Chigorin Memorial 17th"]
[Site "St Petersburg"]
[Date "2009.10.22"]
[Round "7"]
[White "Volokushin, Dmitry"]
[Black "Tolkachiov, Vladimir"]
[Result "0-1"]
[WhiteElo "2102"]
[BlackElo "2013"]
[PlyCount "64"]
[EventDate "2009.10.16"]
[EventType "swiss"]
[EventRounds "9"]
[EventCountry "RUS"]
[SourceTitle "CBM 132 Extra"]
[Source "ChessBase"]
[SourceDate "2009.11.03"]
[SourceVersion "1"]
[SourceVersionDate "2009.11.03"]
[SourceQuality "1"]

1. c4 Nf6 2. Nc3 c5 3. e4 Nc6 4. g3 g6 5. Bg2 Bg7 6. Nge2 0-0 7. 0-0 d6 8. f4 Bg4 9. h3 Bd7 10. g4 Ne8 11. f5 e6 12. d3 Nd4 13. Ng3 Qh4 14. Kh2 Be5 15. Bf4 Bxf4 16. Rxf4 exf5 17. Qf1 fxg4 18. Nce2 Nc2 19. Qc1 Nxa1 20. Qxa1 Ng7 21. b3 Rae8 22. Nc3 Re5 23. Nd5 f5 24. exf5 Bxf5 25. d4 cxd4 26. Qxd4 Ne6 27. Qd2 Nxf4 28. Qxf4 Be6 29. Qd4 Rf3 30. Ne4 Bxd5 31. cxd5 Rxe4 32. Qxe4 g3+ 0-1

[Event "Chigorin Memorial 17th"]
[Site "St Petersburg"]
[Date "2009.10.17"]
[Round "2"]
[White "Tolkachiov, Vladimir"]
[Black "Timofeeva, Ekaterina"]
[Result "1/2-1/2"]
[WhiteElo "2013"]
[BlackElo "2257"]
[PlyCount "167"]
[EventDate "2009.10.16"]
[EventType "swiss"]
[EventRounds "9"]
[EventCountry "RUS"]
[SourceTitle "CBM 132 Extra"]
[Source "ChessBase"]
[SourceDate "2009.11.03"]
[SourceVersion "1"]
[SourceVersionDate "2009.11.03"]
[SourceQuality "1"]

1. e4 d6 2. d4 Nf6 3. Nc3 e5 4. dxe5 dxe5 5. Qxd8+ Kxd8 6. Bc4 Be6 7. Bxe6 fxe6 8. f3 a6 9. Be3 Bb4 10. Nge2 Ke7 11. a3 Bd6 12. Nc1 Nbd7 13. Nd3 c5 14. 0-0 h6 15. Rf2 Rhc8 16. Rd2 b5 17. Rad1 Rc6 18. Nb1 Nb6 19. b3 Rac8 20. Nb2 Ne8 21. c3 c4 22. b4 Ra8 23. a4 Nd7 24. a5 Rac8 25. Rc2 Nef6 26. Rf1 Rg8 27. Nd1 Rcc8 28. Nf2 g5 29. h3 h5 30. Rd1 g4 31. Rcd2 Rc6 32. hxg4 hxg4 33. Kf1 gxf3 34. gxf3 Nh5 35. Ng4 Ng3+ 36. Ke1 Nxe4 37. Nh6 Rg3 38. fxe4 Rxe3+ 39. Kf2 Rd3 40. Rxd3 cxd3 41. Rxd3 Nf6 42. Kf3 Rc8 43. Ng4 Nh5 44. Rd1 Rf8+ 45. Kg2 Nf4+ 46. Kg3 Rh8 47. Nf2 Bb8 48. Rh1 Rg8+ 49. Ng4 Kd6 50. Rh7 Kc6 51. Kf3 Rd8 52. Nf2 Bc7 53. Ke3 Rg8 54. Nd2 Rg1 55. Nb3 Bd6 56. Ra7 Bxb4 57. Rxa6+ Kc7 58. Kd2 Rg3 59. Nd1 Ba3 60. Rb6 b4 61. Rb5 Rg2+ 62. Ke3 Re2+ 63. Kf3 Re1 64. Rc5+ Kb8 65. Ne3 Rh1 66. Rxe5 Nd3 67. Rxe6 bxc3 68. Nc2 Bc5 69. e5 Rh2 70. Ke4 Nf2+ 71. Kd5 Nd3 72. Kc4 Nb2+ 73. Kxc3 Na4+ 74. Kd3 Rh3+ 75. Kc4 Rc3+ 76. Kb5 Rxb3+ 77. Kxa4 Rb2 78. Rc6 Be7 79. Rc4 Kb7 80. Nd4 Ra2+ 81. Kb5 Rb2+ 82. Ka4 Ra2+ 83. Kb5 Rb2+ 84. Ka4 1/2-1/2

[Event "Omsk Half CC-ch sf"]
[Site "Omsk"]
[Date "2009.06.11"]
[Round "4"]
[White "Tolkachiov, Vladimir"]
[Black "Borisov, Sergey M"]
[Result "0-1"]
[WhiteElo "2033"]
[BlackElo "1994"]
[PlyCount "54"]
[EventDate "2009.06.05"]
[EventType "swiss"]
[EventRounds "9"]
[EventCountry "RUS"]
[SourceTitle "EXT 2021"]
[Source "ChessBase"]
[SourceDate "2020.10.23"]
[SourceVersion "1"]
[SourceVersionDate "2020.10.23"]
[SourceQuality "1"]

1. Nf3 Nf6 2. c4 e6 3. g3 b6 4. Bg2 Bb7 5. 0-0 Be7 6. Nc3 0-0 7. d3 d6 8. Rb1 c5 9. e4 Nbd7 10. h3 a6 11. Be3 Qc7 12. Re1 Ne5 13. Qe2 Nxf3+ 14. Bxf3 Nd7 15. Bg2 Bc6 16. f4 Bf6 17. g4 g6 18. f5 b5 19. Rf1 Bg7 20. Qf2 Rae8 21. Qg3 Kh8 22. Bf4 Ne5 23. b3 b4 24. Ne2 gxf5 25. gxf5 exf5 26. Rbd1 Rg8 27. Qh2 fxe4 0-1

[Event "Omsk-ch op"]
[Site "Omsk"]
[Date "2009.02.15"]
[Round "3"]
[White "Manchenko, Vladimir"]
[Black "Tolkachiov, Vladimir"]
[Result "1-0"]
[WhiteElo "2026"]
[BlackElo "2035"]
[PlyCount "65"]
[EventDate "2009.02.12"]
[EventType "swiss"]
[EventRounds "11"]
[EventCountry "RUS"]
[SourceTitle "CBM 129 Extra"]
[Source "ChessBase"]
[SourceDate "2009.05.05"]
[SourceVersion "2"]
[SourceVersionDate "2009.05.20"]
[SourceQuality "1"]

1. e4 c5 2. Nc3 d6 3. g3 Nf6 4. Bg2 g6 5. d3 Bg7 6. f4 Nc6 7. Nf3 0-0 8. 0-0 Be6 9. h3 Qc8 10. Kh2 Rb8 11. Nh4 Nd4 12. Ne2 Ne8 13. c3 Nxe2 14. Qxe2 b5 15. f5 Bd7 16. Bg5 Bf6 17. Qe3 b4 18. Bxf6 Nxf6 19. c4 Qc7 20. Rf2 e6 21. Qh6 Nh5 22. Bf3 Ng7 23. f6 Ne8 24. e5 d5 25. Re1 b3 26. a3 Qa5 27. Ree2 dxc4 28. dxc4 Qa6 29. Re4 Bc6 30. Rg4 Rd8 31. Nf5 Bxf3 32. Ne7+ Kh8 33. Qxf8# 1-0

[Event "Omsk Half CC-ch"]
[Site "Omsk"]
[Date "2009.??.??"]
[Round "3"]
[White "Artemiev, Vladislav"]
[Black "Tolkachiov, Vladimir"]
[Result "1-0"]
[WhiteElo "2081"]
[BlackElo "2035"]
[PlyCount "75"]
[EventDate "2009.??.??"]
[EventType "swiss"]
[EventRounds "9"]
[EventCountry "RUS"]
[SourceTitle "EXT 2011"]
[Source "ChessBase"]
[SourceDate "2010.11.26"]
[SourceVersion "1"]
[SourceVersionDate "2010.11.26"]
[SourceQuality "1"]

1. e4 c5 2. Nf3 Nc6 3. d4 cxd4 4. Nxd4 Nf6 5. Nc3 e5 6. Ndb5 d6 7. Bg5 a6 8. Na3 b5 9. Bxf6 gxf6 10. Nd5 f5 11. Bd3 Be6 12. 0-0 Bg7 13. c4 b4 14. Nc2 f4 15. Ncxb4 Nd4 16. Nc2 Nc6 17. b4 0-0 18. Be2 Rb8 19. Rb1 Kh8 20. Qd3 Rg8 21. b5 axb5 22. cxb5 Na5 23. Ncb4 Qg5 24. Kh1 Nb7 25. Qf3 Nc5 26. Na6 Bf8 27. Nxb8 Nxe4 28. Rbd1 Nc5 29. g3 e4 30. Qxf4 Bxd5 31. Qxg5 Rxg5 32. h4 Rf5 33. g4 Re5 34. Nc6 Bxc6 35. bxc6 Re8 36. Bc4 Rc8 37. Bd5 Be7 38. g5 1-0

[Event "Omsk op"]
[Site "Omsk"]
[Date "2008.12.04"]
[Round "5"]
[White "Tsalko, Vadim"]
[Black "Tolkachiov, Vladimir"]
[Result "1-0"]
[WhiteElo "1885"]
[BlackElo "2075"]
[PlyCount "79"]
[EventDate "2008.11.23"]
[EventType "swiss"]
[EventRounds "9"]
[EventCountry "RUS"]
[SourceTitle "CBM 127 Extra"]
[Source "ChessBase"]
[SourceDate "2009.01.08"]
[SourceVersion "2"]
[SourceVersionDate "2009.01.28"]
[SourceQuality "1"]

1. d4 Nf6 2. c4 c5 3. Nf3 g6 4. Nc3 cxd4 5. Nxd4 Bg7 6. g3 0-0 7. Bg2 Nc6 8. e3 a6 9. 0-0 Qc7 10. c5 b5 11. b4 Rb8 12. a3 Ne5 13. a4 bxa4 14. Rxa4 Bb7 15. Qe2 Bxg2 16. Kxg2 Qb7+ 17. Kg1 Nc6 18. Nxc6 Qxc6 19. Rxa6 Qb7 20. Ra4 Rfc8 21. Bb2 h5 22. Rfa1 Ng4 23. e4 d6 24. Nd5 Bxb2 25. Qxb2 Rxc5 26. Ra7 Qb5 27. Nxe7+ Kh7 28. Nf5 Rxf5 29. exf5 Qxf5 30. Ra8 Qb5 31. Rxb8 Qxb8 32. b5 Ne5 33. Qb3 Qb7 34. Ra3 Qe4 35. Qd1 Nc4 36. Rb3 Qb7 37. Qf3 Qe7 38. Rd3 Ne5 39. Qe2 Qc7 40. Rb3 1-0

[Event "Omsk op"]
[Site "Omsk"]
[Date "2008.11.29"]
[Round "3"]
[White "Tsiganov, Mikhail"]
[Black "Tolkachiov, Vladimir"]
[Result "0-1"]
[WhiteElo "2022"]
[BlackElo "2075"]
[PlyCount "30"]
[EventDate "2008.11.23"]
[EventType "swiss"]
[EventRounds "9"]
[EventCountry "RUS"]
[SourceTitle "CBM 127 Extra"]
[Source "ChessBase"]
[SourceDate "2009.01.08"]
[SourceVersion "2"]
[SourceVersionDate "2009.01.28"]
[SourceQuality "1"]

1. e4 c5 2. Nc3 d6 3. g3 Nf6 4. Bg2 Nc6 5. d3 g6 6. Nge2 Bg7 7. Bg5 0-0 8. Qd2 Re8 9. 0-0-0 Qa5 10. h4 Be6 11. Kb1 Nd4 12. Bh6 Nxe2 13. Nd5 Qxd2 14. Nxf6+ Bxf6 15. Rxd2 Nd4 0-1